The Marías - Sienna - Statistics

General Stats
  • This quiz has been taken 183 times
  • The average score is 153 of 201
Answer Stats
lyrics % Correct
i
99%
you
98%
be
97%
sienna
96%
been
95%
a
94%
like
94%
in
92%
the
90%
would
90%
your
90%
we
89%
cute
88%
her
88%
on
88%
to
87%
me
86%
with
86%
just
85%
look
85%
i'll
83%
all
82%
before
82%
did
82%
cold
81%
go
81%
here
81%
rooftop
81%
tell
81%
would've
81%
please
80%
freezing
79%
lay
78%
not
78%
when
78%
and
77%
so
77%
ooh
75%
clothes
74%
long
74%
temper
73%
we've
73%
love
72%
run
71%
wearing
71%
song
70%
around
69%
december
69%
feel
69%
pool
69%
under
69%
yours
69%
sing
68%
wait
68%
always
67%
can
66%
jumping
66%
live
66%
sang
66%
by
65%
way
65%
eyelids
63%
see
63%
sensitive
63%
times
63%
watch
63%
winter
63%
beach
62%
held
62%
sunset
62%
had
61%
close
60%
it
60%
jones
59%
think
59%
tomorrow
59%
of
58%
pets
58%
smile
58%
door
56%
were
56%
out
55%
norah
54%
seen
54%
waves
54%
only
52%
then
52%
outside
51%
through
50%
water
49%
clear
47%
crystal
47%
disappears
47%
mad
47%
good
46%
my
45%
down
44%
face
44%
up
44%
forest
42%
came
41%
corner
41%
clean
40%
feels
40%
stairs
40%
creak
39%
floorboards
36%
hear
36%
coming
35%
going
34%
hair
33%
pulling
31%
if
21%
No matching quizzes found
Score Distribution
Percent of People with Each Score
Percentile by Number Answered
Your Score History
You have not taken this quiz